000 00526 a2200169 4500
999 _c6247
_d6247
020 _a9788472081475
050 _aTX349 PAM 2010
100 _aPamplona-Roger, George D.
_eauthor
245 _aHealthy foods /
_cGeorge D. Pamplona-Roger
250 _a1st ed.
264 _aMadrid :
_bEditorial Safeliz, S. L.
_c2010.
300 _a383p. :
_bill. (col. )
500 _aIncludes bibliographical references and index
650 _aFood.
650 _aNutritional Physiological Phenomena.
942 _2lcc
_cBK
_e1st ed.
_h349
_iPAM
_kTX